| 000 | 01065 a2200217 4500 | ||
|---|---|---|---|
| 005 | 20080825125245.0 | ||
| 008 | 080825t xxu||||| |||| 00| 0 hin d | ||
| 010 | _aHIN-83013 | ||
| 020 |
_c100.00 _a9788190440707 |
||
| 035 | _aHN-55359 | ||
| 037 | _bपु.प्र.अ.प्र/प्रका | ||
| 082 | _a635 | ||
| 100 | _aशर्मा, शालिनी | ||
| 245 |
_aफल एवं साग सब्जी का महत्व / _cशालिनी शर्मा |
||
| 246 |
_aPhal evam sag sabji ka mahatav _bby Shalini Sharma |
||
| 260 |
_aइलाहाबाद _bदेव साहित्य प्रकाशन _c2007 |
||
| 270 |
_a140/111, पी.डी.कीडगंज _bइलाहाबाद |
||
| 300 |
_a80पृ _c22सेमी (सजिल्द) |
||
| 942 |
_adpl _cHN _k635 / शर्माशा _2ddc _h635 _mशर्माशा |
||
| 999 |
_c11499 _d11499 |
||